Online Public Access Catalogue

Text Book of Anatomy and Physiology (Record no. 8216)

MARC details
000 -LEADER
fixed length control field 00409nam a2200157Ia 4500
020 ## - INTERNATIONAL STANDARD BOOK NUMBER
International Standard Book Number 9789380855400
082 ## - DEWEY DECIMAL CLASSIFICATION NUMBER
Classification number 612
Author Mark KAU
Edition number 2nd
100 ## - MAIN ENTRY--PERSONAL NAME
Author Name Prabhjot Kaur
245 #0 - TITLE STATEMENT
Title Text Book of Anatomy and Physiology
Statement of responsibility, etc. Prabhjot Kaur
250 ## - EDITION STATEMENT
Edition statement 2nd
260 ## - PUBLICATION, DISTRIBUTION, ETC.
Place of publication, distribution, etc. india
Name of publisher, distributor, etc. Lotus
Date of publication, distribution, etc. 2016
300 ## - PHYSICAL DESCRIPTION
No of Pages 780
440 ## - SERIES STATEMENT/ADDED ENTRY--TITLE
Title Text Book of Anatomy and Physiology
650 ## - SUBJECT ADDED ENTRY--TOPICAL TERM
Subject Anatomy , Physiology
942 ## - ADDED ENTRY ELEMENTS (KOHA)
Koha item type Books
Source of classification or shelving scheme
Edition 2nd
952 ## - LOCATION AND ITEM INFORMATION (KOHA)
-- 2018-03-16
Holdings
Withdrawn status Lost status Source of classification or shelving scheme Damaged status Not for loan Home library Current library Shelving location Date acquired Total Checkouts Full call number Barcode Date last seen Date last checked out Koha item type
          Islamabad Medical and Dental College Islamabad Medical and Dental College Islamabad Medical and Dental College 16/03/2018 1 612 KAU 10001 26/12/2024 06/12/2024 Books

Copyright @ IMDC Library
Islamabad Medical and Dental College
Bhara Kahu, Islamabad

  Contact the Librarian, IMDC
  Email:: library@imdcollege.edu.pk

  OPAC Customized by
  Mazhar Hussain,
  Librarian:
  Islamabad Medical and Dental College
  Email:: library@imdcollege.edu.pk